00390nam a22001217a 4500020001800000082001700018100002100035245010200056260004200158300001900200650002900219700002000248 a9780521677011 a428.0076 JAK aJakeman, Vanessa aCambridge IELTS 5 with answers: examination Papers from University of Cambridege ESOL Examination aUKbCambridge University Press,c2006 a176 p.eCD-ROM aExamination Papers IELTS aMCDowell, Clare